| 000 | 00605nam a2200205Ii 4500 | ||
|---|---|---|---|
| 001 | 4740 | ||
| 003 | CO-ViMGA | ||
| 008 | 241108s9999||||xx |||||||||||||| ||und|| | ||
| 040 |
_aCO-ViMGA _bspa _erda _cCO-ViMGA |
||
| 041 | 0 | _aspa | |
| 082 | 0 | 4 | _a634 F293f |
| 110 | 1 |
_aFederación Nacional de Cafeteros de Colombia, _920872 |
|
| 245 | 1 | 0 | _aFruticultura tropical |
| 264 | 1 | _aBogotá, Colombia : La Federación, 1992 | |
| 300 | _avolumen | ||
| 336 |
_atext _btxt _2rdacontent |
||
| 337 |
_aunmediated _bn _2rdamedia |
||
| 338 |
_avolume _bnc _2rdacarrier |
||
| 940 | _aidficha_siabuc: 4620. -- ficha_no_siabuc:4740 | ||
| 999 |
_c48043 _d48043 |
||